=LDR 00000nam 2200000 4500 =001 INLIS000000000049031 =005 20170118150153.0 =006 =007 =008 =020 ##$$a 979-0-9013923-1-1 =035 ##$$0010-011700000000312 =040 ##$$a NBPDMAT =082 ##$$a 780 =090 ##$$a 780 Mar t =100 ##$$a Mardian Bagus Prakosa =245 ##$$a Topmusics 101 tembang kenangan domestik & manca $c Mardian Bagus Prakosa, Hening Qodam Sejati =260 ##$$a Yogyakarta $b Literindo $c 2015 =300 ##$$a 394 hlm. $b ilus $c 30 cm. =500 ##$$a Bibliografi : hlm. 392 Biografi : hlm. 393 =650 ##$$a Musik =700 ##$$a Hening Qodam Sejati =850 ##$$a NBPDMAT